Kosovo Country Quiz - Statistics

General Stats
  • This quiz has been taken 24,682 times
    24,657 since last reset
  • The average score is 10 of 14
Answer Stats
Hint Answer % Correct
Country which claims ownership of Kosovo Serbia
96%
Religion to which 96% of Kosovars belong Islam
95%
Empire that Kosovo was part of from 1455–1912 Ottoman Empire
92%
Kosovo is one of only three official "JetPunk" countries that is a not a member of this organization United Nations
90%
Year that Kosovo declared independence from the above 2008
88%
Capital of Kosovo Pristina
87%
Kosovo is the third ____ country in Europe, after Moldova and Ukraine Poorest
81%
Currency used by Kosovo Euro
79%
Largest ethnic group and most-spoken language Albanian
70%
English pop singer of "New Rules" whose parents emigrated from Kosovo shortly before her birth Dua Lipa
55%
Part of Kosovo that, at times, has wanted to breakaway from Kosovo {North} Kosovo
55%
Kosovo has the 5th highest lignite reserves in the world. What is lignite? Type of {coal}
41%
Second biggest city Prizren
27%
Kingdom whose territory encompassed modern-day Kosovo before it was conquered by Rome in 28 BC Dardania
12%
No matching quizzes found
Score Distribution
Percent of People with Each Score
Percentile by Number Answered
Your Score History
You have not taken this quiz since the last reset